000 01138nam0a22003131 4500
001 rc\236891
005 20191011153546.0
010 _a5-02-017688-5
_9600
035 _a(NLR Aleph) 005472058
090 _a5055890
_c5055890
100 _a20030307d1993 u |0rusy50 ca
101 0 _arus
102 _aRU
105 _ay |||||||||
200 1 _aТрадиционные институты управления и власти
_e(По материалам Нигерии и Зап. Африки)
_fРос. АН. Ин-т Африки
210 _aМ.
_cНаука. Изд. фирма "Вост. лит."
_d1993
215 _a166, [2] с.
_d20
300 _aПеред вып. дан. авт.: Наталья Борисовна Кочакова
300 _aРез.: англ.
320 _aБиблиогр.: с. 157-164 (186 назв.)
700 1 _aКочакова
_bН. Б.
_gНаталия Борисовна
801 0 _aRU
_bNLR
_gpsbo
801 1 _aRU
_bELAR
_2rusmarc
852 _aNLR
_bОЛСАА-сл-спр
_j2-3710
852 _aNLR
_j93-3/7704
942 _cBOOK
980 1 _aSL_SPR
980 _aNB